000 00730cam a2200229 a 4500
001 12330875
005 20180302085339.0
008 010301s2002 maua b 001 0 eng
010 _a 2001022426
020 _a0321076915 (pbk.)
040 _aDLC
_cDLC
_dDLC
041 _aeng
080 _a371.5 CHAR
082 0 0 _a371.5 CHAR
_221
100 1 _a25
101 _aEDU
245 1 0 _aBuilding classroom discipline /
_cC.M. Charles.
504 _aIncludes bibliographical references (p. 289-295) and index.
906 _a7
_bcbc
_corignew
_d1
_eocip
_f20
_gy-gencatlg
942 _2ddc
_cBK
999 _c44091
_d44091